Este niño es un terremoto (Registro nro. 181724)

Detalles MARC
000 -ENCABEZADO
Número de control [NR] 00873 a2200253 4500
005 - FECHA Y HORA DE LA ÚLTIMA TRANSACCIÓN
control field 20180312141942.0
008 - DE LONGITUD FIJA DE DATOS DE ELEMENTOS - INFORMACIÓN GENERAL
Elementos de longitud fija [NR] 130930s2002 sp a ar|||| 00| 0 spa d
020 ## - NUMERO INTERNACIONAL NORMALIZADO PARA LIBROS [R]
Número Internacional Normalizado del libro [NR] 8434888548
040 ## - FUENTE DE CATALOGACION [NR]
Agencia de catalogación original [NR] CO-BoUCM
Idioma de catalogación [NR] spa
Quien Cataloga Jose A. Gerena
Quien Clasifica Diana Londoño
041 00 - CODIGO DE IDIOMA [R]
Código de idioma para texto/pista de sonido o título separado [R] Español
100 1# - ASIENTO PRINCIPAL--NOMBRE PERSONAL [NR]
Nombre personal [NR] Blake, Quentin
ID Autoridad 46791
245 10 - MENCION DE TITULO [NR]
Título [NR] Este niño es un terremoto
Mención de responsabilidad, etc. [NR] Quentin Blake ; traducción de P. Rozanera
260 ## - PUBLICACION, DISTRIBUCION, ETC. (PIE DE IMPRENTA) [R]
Fecha de publicación, distribución, etc. [R] 2002
Nombre del editor, distribuidor, etc. [R] SM
Lugar de publicación, distribución, etc. [R] Madrid (España)
300 ## - DESCRIPCION FISICA [R]
Extensión [R] 32 páginas
Otros detalles físicos [NR] ilustraciones a color
490 ## - MENCION DE SERIE [R]
Mención de serie [R] Los piratas
-- El barco de vapor
Designación numérica/secuencial del volumen [NR] 67
650 #7 - ASIENTO SECUNDARIO DE MATERIA - TERMINO TEMATICO [R]
9 (RLIN) 12283
Término temático o nombre geográfico como elemento de entrada [NR] Cuentos infantiles
650 #7 - ASIENTO SECUNDARIO DE MATERIA - TERMINO TEMATICO [R]
9 (RLIN) 272
Término temático o nombre geográfico como elemento de entrada [NR] Literatura inglesa
650 #7 - ASIENTO SECUNDARIO DE MATERIA - TERMINO TEMATICO [R]
9 (RLIN) 37305
Término temático o nombre geográfico como elemento de entrada [NR] Cuentos ilustrados para niños
690 ## - ASUNTO AGREGADO LOCAL DE ENTRADA - TÉRMINO TEMÁTICO (OCLC, RLIN)
9 (RLIN) 42863
Acceso temático local Literatura europea
700 1# - ASIENTO SECUNDARIO - NOMBRE PERSONAL [R]
Nombre personal [NR] Rozanera, P.
Término de relación [R] traductor
9 (RLIN) 46792
765 ## - ASIENTO DE IDIOMA ORIGINAL [R]
Título [NR] Zagazoo
942 ## - ELEMENTOS DE ENTRADA AGREGADOS (KOHA)
Tema principal Literatura
Tipo de ítem principal el descrito en 300a Libro
Edición 1
Parte restante de la signatura top. B636e
Sistema de clasificación DEWEY
Clasificación 828.914
Título oculto en OPAC No
Existencias
Fecha de último préstamo Total préstamos Signatura topográfica Código de barras Última vez visto Ejemplar Costo de reposición Price effective from Tipo de ítem Nota pública (OPAC) Perdido Sistema de clasificación Dañado No prestable Tipo de ítem específico Suprimido Ubicación habitual Ubicación actual Localización Fecha de creación Proveedor Forma de adquisición Costo
28/09/2022 6 828.914 B636e 200027023 11/12/2025 Ej.1 26000.00 02/08/2013 Libro Spot Literatura Infantil   DEWEY     Libro   Quinta de Mutis Quinta de Mutis Mezanecs 02/08/2013 12 Donación 0.00